000 00802nam a2200289Ia 4500
003 OSt
005 20220912150303.0
006 a|||||r|||| 00| 0
007 ta
008 220909b |||||||| |||| 00| 0 eng d
024 _a50769
037 _cTextual
040 _aCSL
_beng
_cCSL
041 _aeng
082 _aI,166p1,N75, L7
100 _aBarker A N Ed.
111 _aInternational conference on spare research (1975 : UK)
245 0 _aProceeding on spare research
260 _aLondon
_bAcademic Press
_c1977
300 _axvii,421-915+Ixvip
650 _a Pollen
650 _aBotany
700 _a Ellar D J Ed.
700 _a Wolf J Ed.
942 _hI,166p1,N75, L7
_cTEXL
_2CC
999 _c44027
_d44027